00513nmm a2200169Ia 4500008004100000020001800041041000800059100001900067245007000086264003900156300001800195490002600213650002900239856005100268942000700319999001700326251105s9999||||xx |||||||||||||||||und|| a9788446046301 aspa aMaura, Eduardo 0aLos 90: euforia y miedo en la modernidad democrática española a[Madrid, España] :bAkal, c2018 a160 páginas aPensamiento crítico aHistory of Europe: Spain uhttps://public.digitaliapublishing.com/a/55183 cCF c83137d83137